[Event "Collado Villalba op 40th"]
[Site "Collado Villalba"]
[Date "2023.08.22"]
[Round "1"]
[White "Criado Herrero, Luis"]
[Black "Fernandez Rios, Jose Francisco"]
[Result "0-1"]
[WhiteElo "1417"]
[BlackElo "1658"]
[PlyCount "44"]
[EventDate "2023.08.22"]
[EventType "swiss"]
[EventRounds "9"]
[EventCountry "ESP"]
[SourceTitle "CBM 216 Extra"]
[Source "ChessBase"]
[SourceDate "2023.11.30"]
[SourceVersion "1"]
[SourceVersionDate "2023.11.30"]
[SourceQuality "1"]

1. e4 c5 2. Nf3 g6 3. c3 d5 4. exd5 Qxd5 5. c4 Qd8 6. d3 Bg7 7. Nbd2 Nc6 8. a3 Nf6 9. Rb1 a5 10. Be2 0-0 11. 0-0 Bf5 12. Nb3 b6 13. Nh4 Bc8 14. g3 Bb7 15. Bf3 Qc7 16. Ng2 Rad8 17. Qe2 a4 18. Na1 Nd4 19. Qd1 Nxf3+ 20. Kh1 Qd7 21. Be3 Qh3 22. Bf4 Qxh2# 0-1

[Event "Madrid-ch Previa A"]
[Site "Madrid"]
[Date "2023.02.20"]
[Round "7.18"]
[White "Fernandez Rios, Jose Francisco"]
[Black "De Vicente Guijarro, Juan"]
[Result "1/2-1/2"]
[WhiteElo "1680"]
[BlackElo "1803"]
[PlyCount "74"]
[EventDate "2023.02.06"]
[EventType "swiss"]
[EventRounds "9"]
[EventCountry "ESP"]
[SourceTitle "EXT 2024"]
[Source "ChessBase"]
[SourceDate "2023.10.10"]
[SourceVersion "1"]
[SourceVersionDate "2023.10.10"]
[SourceQuality "1"]

1. d4 d5 2. c4 dxc4 3. Nf3 Nf6 4. e3 e6 5. Bxc4 c5 6. Qe2 a6 7. dxc5 Bxc5 8. 0-0 0-0 9. e4 b5 10. Bd3 Be7 11. Bg5 Nbd7 12. Rd1 Qe8 13. e5 Nd5 14. Qe4 g6 15. Bh6 Nc5 16. Qe2 Bb7 17. Bxf8 Bxf8 18. Qd2 Rc8 19. Be2 Ne4 20. Qd3 Nb4 21. Qd7 Qxd7 22. Rxd7 Bc6 23. Rd1 Nc2 24. Nbd2 Nxa1 25. Rxa1 Nxd2 26. Nxd2 Bd5 27. Bd3 Bc5 28. a4 Bd4 29. axb5 axb5 30. Bxb5 Bxb2 31. Re1 Rc2 32. Nf3 Bc3 33. Bd3 Ra2 34. Rc1 Bxf3 35. gxf3 Bxe5 36. Rc2 Ra4 37. Rc4 Rxc4 1/2-1/2

[Event "Madrid-ch Previa A"]
[Site "Madrid"]
[Date "2023.02.14"]
[Round "5.30"]
[White "Fernandez Rios, Jose Francisco"]
[Black "Lopez Manso, Jeronimo"]
[Result "1-0"]
[WhiteElo "1680"]
[BlackElo "1422"]
[PlyCount "63"]
[EventDate "2023.02.06"]
[EventType "swiss"]
[EventRounds "9"]
[EventCountry "ESP"]
[SourceTitle "EXT 2024"]
[Source "ChessBase"]
[SourceDate "2023.10.10"]
[SourceVersion "1"]
[SourceVersionDate "2023.10.10"]
[SourceQuality "1"]

1. d4 b6 2. c4 e5 3. dxe5 c5 4. Nf3 Nc6 5. b3 Be7 6. Bb2 g5 7. e6 f6 8. exd7+ Bxd7 9. g3 Qc7 10. Bg2 0-0-0 11. Qc1 h5 12. Nxg5 Nh6 13. Nf3 Nf5 14. 0-0 h4 15. Nc3 Be6 16. Nb5 Qb8 17. Nxh4 Ncd4 18. Nxd4 Nxd4 19. Bxd4 Rxd4 20. Ng6 Rh7 21. Nxe7+ Rxe7 22. Rd1 Red7 23. Qc2 Qe5 24. Rxd4 Rxd4 25. Rd1 Bf5 26. e4 Bxe4 27. Bxe4 Rxe4 28. Rd5 Qa1+ 29. Kg2 Re8 30. Qf5+ Kb7 31. Qd7+ Ka6 32. Qb5+ 1-0

[Event "Collado Villalba op 39th"]
[Site "Collado Villalba"]
[Date "2022.08.27"]
[Round "8"]
[White "Fernandez Rios, Jose Francisco"]
[Black "Bermejo Sevillano, Alberto"]
[Result "0-1"]
[WhiteElo "1705"]
[BlackElo "1591"]
[PlyCount "48"]
[EventDate "2022.08.20"]
[EventType "swiss"]
[EventRounds "9"]
[EventCountry "ESP"]
[SourceTitle "EXT 2023"]
[Source "ChessBase"]
[SourceDate "2022.10.05"]
[SourceVersion "1"]
[SourceVersionDate "2022.10.05"]
[SourceQuality "1"]

1. d4 Nf6 2. c4 c5 3. d5 e6 4. Nc3 exd5 5. cxd5 d6 6. Nf3 g6 7. Bf4 a6 8. e4 Nh5 9. Bg5 Qc7 10. a4 Bg7 11. Be2 0-0 12. Nd2 Nf6 13. 0-0 Re8 14. Qc2 h6 15. Bf4 Qe7 16. Rfe1 Nbd7 17. h3 Nf8 18. Nc4 Rd8 19. Bf3 Nh5 20. Bxh5 gxh5 21. e5 Qh4 22. Qd2 Ng6 23. Nb6 Nxf4 24. Nxa8 Qg5 0-1

[Event "Collado Villalba op 39th"]
[Site "Collado Villalba"]
[Date "2022.08.25"]
[Round "6"]
[White "Fernandez Rios, Jose Francisco"]
[Black "Anton Ortiz, Carlos"]
[Result "1/2-1/2"]
[WhiteElo "1705"]
[BlackElo "1580"]
[PlyCount "65"]
[EventDate "2022.08.20"]
[EventType "swiss"]
[EventRounds "9"]
[EventCountry "ESP"]
[SourceTitle "EXT 2023"]
[Source "ChessBase"]
[SourceDate "2022.10.05"]
[SourceVersion "1"]
[SourceVersionDate "2022.10.05"]
[SourceQuality "1"]

1. d4 e6 2. c4 d5 3. Nc3 Be7 4. Nf3 Nf6 5. cxd5 exd5 6. Bg5 b6 7. e3 Bb7 8. Bd3 Ne4 9. Bxe7 Qxe7 10. Rc1 Nd7 11. 0-0 0-0 12. Qc2 Rac8 13. Nb5 a6 14. Na7 Ra8 15. Nc6 Qd6 16. Bxe4 dxe4 17. Qxe4 Rae8 18. Ne7+ Rxe7 19. Qxb7 Nb8 20. Rc3 Qd8 21. Rfc1 c6 22. Qa8 f6 23. Rxc6 Nxc6 24. Qxc6 Rff7 25. Qa4 Rc7 26. Rc3 Rxc3 27. bxc3 Qc8 28. Qb3 b5 29. Nd2 Kf8 30. Ne4 Qc4 31. Qa3+ Re7 32. Nc5 Qe2 33. g3 1/2-1/2

[Event "Collado Villalba op 38th"]
[Site "Collado Villalba"]
[Date "2021.08.26"]
[Round "6"]
[White "Ciuro Munoz, Ricardo"]
[Black "Fernandez Rios, Jose Francisco"]
[Result "1-0"]
[WhiteElo "1960"]
[BlackElo "1776"]
[PlyCount "63"]
[EventDate "2021.08.21"]
[EventType "swiss"]
[EventRounds "9"]
[EventCountry "ESP"]
[SourceTitle "CBM 204 Extra"]
[Source "ChessBase"]
[SourceDate "2021.11.30"]
[SourceVersion "1"]
[SourceVersionDate "2021.11.30"]
[SourceQuality "1"]

1. e4 c5 2. Nf3 g6 3. d3 Bg7 4. g3 Nc6 5. Bg2 d6 6. c3 Bg4 7. Nbd2 Nf6 8. 0-0 0-0 9. b3 Bxf3 10. Nxf3 e6 11. a3 d5 12. e5 Nd7 13. d4 cxd4 14. cxd4 f6 15. exf6 Nxf6 16. Bg5 Qb6 17. b4 Ne4 18. Be3 a5 19. Ne5 Nxe5 20. dxe5 Qc7 21. Bxe4 dxe4 22. Bc5 Qxe5 23. Bxf8 Qxa1 24. Qd7 Qf6 25. Bxg7 Qxg7 26. Qxe6+ Qf7 27. Qxe4 axb4 28. axb4 Ra2 29. Qd4 Qe7 30. Qc4+ Qf7 31. Qxf7+ Kxf7 32. Rc1 1-0

[Event "Collado Villalba op 38th"]
[Site "Collado Villalba"]
[Date "2021.08.24"]
[Round "4"]
[White "Gonzalez Pinar, Adrian"]
[Black "Fernandez Rios, Jose Francisco"]
[Result "1-0"]
[WhiteElo "1961"]
[BlackElo "1776"]
[PlyCount "47"]
[EventDate "2021.08.21"]
[EventType "swiss"]
[EventRounds "9"]
[EventCountry "ESP"]
[SourceTitle "CBM 204 Extra"]
[Source "ChessBase"]
[SourceDate "2021.11.30"]
[SourceVersion "1"]
[SourceVersionDate "2021.11.30"]
[SourceQuality "1"]

1. d4 Nf6 2. c4 e6 3. Nc3 Bb4 4. e3 b6 5. Bd3 Bb7 6. Nf3 Ne4 7. Qc2 Bxc3+ 8. bxc3 f5 9. 0-0 0-0 10. c5 d6 11. cxd6 cxd6 12. Ba3 Rf6 13. Ne1 Rh6 14. f3 Qh4 15. fxe4 Qxh2+ 16. Kf2 fxe4 17. Bc4 d5 18. Bb5 a6 19. Ke2 Nc6 20. Bxc6 Bxc6 21. Kd1 Bb5 22. Rf2 Qg3 23. Qd2 Ra7 24. Rf8# 1-0

[Event "Madrid-ch Previa-A"]
[Site "Madrid"]
[Date "2020.02.05"]
[Round "3"]
[White "Fernandez Rios, Jose Francisco"]
[Black "Vinas Lopez, Carlos"]
[Result "1/2-1/2"]
[WhiteElo "1794"]
[BlackElo "1876"]
[PlyCount "79"]
[EventDate "2020.02.03"]
[EventType "swiss"]
[EventRounds "9"]
[EventCountry "ESP"]
[SourceTitle "EXT 2021"]
[Source "ChessBase"]
[SourceDate "2020.10.23"]
[SourceVersion "1"]
[SourceVersionDate "2020.10.23"]
[SourceQuality "1"]

1. d4 Nf6 2. c4 e6 3. Nf3 Bb4+ 4. Nbd2 a5 5. a3 Bxd2+ 6. Nxd2 d6 7. e4 e5 8. d5 a4 9. Bd3 0-0 10. 0-0 Nbd7 11. Qe2 Nc5 12. Bc2 h6 13. Nb1 Qe7 14. Nc3 Bd7 15. Be3 b6 16. Rae1 Rfb8 17. h3 Qe8 18. f4 b5 19. fxe5 Qxe5 20. Bxc5 dxc5 21. cxb5 Ra5 22. Bd3 Ne8 23. Qf2 Nd6 24. Qxc5 Nxb5 25. Qb4 Qd4+ 26. Qxd4 Nxd4 27. Rf2 Nb5 28. Nxb5 Bxb5 29. Bxb5 Raxb5 30. Rc1 Rxb2 31. Rxb2 Rxb2 32. Rxc7 Rb3 33. Rc8+ Kh7 34. Rc5 Rd3 35. e5 Kg6 36. d6 Kf5 37. Ra5 Ke6 38. Rxa4 Kxe5 39. Ra6 Ke6 40. Kf2 1/2-1/2

[Event "Collado Villalba op-B 36th"]
[Site "Collado Villalba"]
[Date "2019.08.27"]
[Round "5"]
[White "Fernandez Rios, Jose Francisco"]
[Black "Huerto Moreno, Jorge"]
[Result "1-0"]
[WhiteElo "1788"]
[BlackElo "1704"]
[PlyCount "93"]
[EventDate "2019.08.23"]
[EventType "swiss"]
[EventRounds "9"]
[EventCountry "ESP"]
[SourceTitle "CBM 192 Extra"]
[Source "Chessbase"]
[SourceDate "2019.11.06"]
[SourceVersion "1"]
[SourceVersionDate "2019.11.06"]
[SourceQuality "1"]

1. d4 Nf6 2. c4 e5 3. dxe5 Ng4 4. Nf3 Bc5 5. e3 Nc6 6. Nc3 Ngxe5 7. Nxe5 Nxe5 8. Be2 d6 9. 0-0 Be6 10. b3 Qd7 11. Na4 0-0-0 12. f4 Ng4 13. Nxc5 dxc5 14. Qxd7+ Bxd7 15. h3 Nf6 16. Bb2 Ne4 17. Rfd1 Rde8 18. Kh2 Bc6 19. Bf3 f6 20. Bg4+ Kb8 21. Bd7 Nf2 22. Bxe8 Nxd1 23. Bxc6 Nxb2 24. Be4 Re8 25. Bc2 Rxe3 26. Rb1 Nxc4 27. bxc4 Re2 28. Rd1 a5 29. Bb3 Kc8 30. Kg3 c6 31. Kf3 Rb2 32. Re1 Kd7 33. Re2 Rxe2 34. Kxe2 f5 35. a4 Ke6 36. Kf3 h5 37. g4 g6 38. Kg3 hxg4 39. hxg4 Kf6 40. gxf5 Kxf5 41. Bc2+ Kf6 42. Kg4 g5 43. fxg5+ Ke5 44. g6 Kd4 45. g7 Kc3 46. Bd1 Kxc4 47. g8Q+ 1-0

[Event "Collado Villalba op-B 36th"]
[Site "Collado Villalba"]
[Date "2019.08.23"]
[Round "1"]
[White "Fernandez Rios, Jose Francisco"]
[Black "Fernandez Martinez, Luis"]
[Result "1-0"]
[WhiteElo "1788"]
[BlackElo "1512"]
[PlyCount "57"]
[EventDate "2019.08.23"]
[EventType "swiss"]
[EventRounds "9"]
[EventCountry "ESP"]
[SourceTitle "CBM 192 Extra"]
[Source "Chessbase"]
[SourceDate "2019.11.06"]
[SourceVersion "1"]
[SourceVersionDate "2019.11.06"]
[SourceQuality "1"]

1. d4 e6 2. c4 f5 3. Nc3 Nf6 4. e3 c6 5. Bd3 d5 6. Nge2 Be7 7. 0-0 0-0 8. f3 Na6 9. a3 Nc7 10. Qc2 Qe8 11. Bd2 Qh5 12. e4 fxe4 13. fxe4 dxc4 14. Bxc4 Ng4 15. h3 Nf6 16. Nf4 Qe8 17. e5 Nh5 18. Bd3 Nxf4 19. Bxh7+ Kh8 20. Bxf4 Nd5 21. Nxd5 exd5 22. Bg5 Qd8 23. Qe2 Rf5 24. Bxf5 Bxf5 25. Qh5+ Bh7 26. Be3 Qc7 27. Rf7 Kg8 28. Raf1 b6 29. e6 1-0

[Event "Tres Cantos op 11th"]
[Site "Tres Cantos"]
[Date "2019.06.29"]
[Round "8"]
[White "Gonzalez Berrendero, Carlos"]
[Black "Fernandez Rios, Jose Francisco"]
[Result "0-1"]
[WhiteElo "1819"]
[BlackElo "1775"]
[PlyCount "88"]
[EventDate "2019.06.22"]
[EventType "swiss"]
[EventRounds "9"]
[EventCountry "ESP"]
[SourceTitle "CBM 195 Extra"]
[Source "ChessBase"]
[SourceDate "2020.05.31"]
[SourceVersion "1"]
[SourceVersionDate "2020.05.31"]
[SourceQuality "1"]

1. b3 c5 2. Bb2 Nc6 3. e3 e5 4. Bb5 Nge7 5. Nf3 d6 6. 0-0 g6 7. Ng5 Bg7 8. f4 0-0 9. fxe5 Nxe5 10. d4 cxd4 11. exd4 N5c6 12. Na3 Qa5 13. Ne4 Nf5 14. Bxc6 bxc6 15. Nc4 Qc7 16. Rxf5 Bxf5 17. Nexd6 Be6 18. Qd3 Rad8 19. Ne4 Bf5 20. Ne3 Bxe4 21. Qxe4 Rfe8 22. Qd3 Qf4 23. Nc4 Bxd4+ 24. Bxd4 Rxd4 25. Rf1 Re1 26. Rxe1 Rxd3 27. cxd3 Qd4+ 28. Kf1 Qxd3+ 29. Re2 f6 30. h3 h5 31. Ke1 Qb1+ 32. Kf2 Qf5+ 33. Ke1 Qc5 34. Kf1 Kg7 35. Rd2 g5 36. Re2 a5 37. Nd2 Qb5 38. Nc4 a4 39. Re3 Qf5+ 40. Ke2 Qc2+ 41. Nd2 a3 42. Re7+ Kg6 43. Ra7 Qxa2 44. Kd3 Qb2 0-1

[Event "Tres Cantos op 11th"]
[Site "Tres Cantos"]
[Date "2019.06.27"]
[Round "6"]
[White "Santamaria Baeza, Adolfo"]
[Black "Fernandez Rios, Jose Francisco"]
[Result "1-0"]
[WhiteElo "1855"]
[BlackElo "1775"]
[PlyCount "125"]
[EventDate "2019.06.22"]
[EventType "swiss"]
[EventRounds "9"]
[EventCountry "ESP"]
[SourceTitle "CBM 195 Extra"]
[Source "ChessBase"]
[SourceDate "2020.05.31"]
[SourceVersion "1"]
[SourceVersionDate "2020.05.31"]
[SourceQuality "1"]

1. e4 c5 2. Nf3 g6 3. d4 cxd4 4. Qxd4 Nf6 5. e5 Nc6 6. Qa4 Nd5 7. Qe4 Nc7 8. Bc4 Bg7 9. 0-0 0-0 10. Bg5 Nxe5 11. Nxe5 d5 12. Qe2 dxc4 13. Nxc4 b5 14. Bxe7 Re8 15. Bxd8 Rxe2 16. Bxc7 bxc4 17. Nc3 Bxc3 18. bxc3 Rxc2 19. Rfe1 Be6 20. Be5 Rd8 21. Bd4 Rb8 22. Reb1 Rxb1+ 23. Rxb1 Kf8 24. a3 Ke8 25. Kf1 Kd7 26. Rb7+ Kc6 27. Rxa7 Kd5 28. f3 Bf5 29. Rxf7 Bd3+ 30. Kg1 h5 31. h4 Rc1+ 32. Kh2 Rc2 33. Ra7 Bf1 34. Ra5+ Kc6 35. Rg5 Bd3 36. a4 Bf5 37. Kg1 Ra2 38. g4 hxg4 39. fxg4 Bd3 40. a5 Kb7 41. h5 gxh5 42. gxh5 Ka6 43. h6 Rxa5 44. Rg7 Rh5 45. Be3 Kb5 46. Rc7 Ka4 47. Rb7 Rb5 48. Rd7 Rh5 49. Rd6 Rh4 50. Rb6 Ka5 51. Rb2 Re4 52. Kf2 Re7 53. Bd4 Ka4 54. Kg3 Rd7 55. Be5 Re7 56. Kf4 Rf7+ 57. Ke3 Re7 58. Kd4 Ka3 59. Rb6 Rd7+ 60. Bd6+ Ka4 61. Rb4+ Ka5 62. Kc5 Ka6 63. Kc6 1-0

[Event "Tres Cantos op 11th"]
[Site "Tres Cantos"]
[Date "2019.06.23"]
[Round "2"]
[White "Vazquez Gonzalez, Jesus"]
[Black "Fernandez Rios, Jose Francisco"]
[Result "1/2-1/2"]
[WhiteElo "1921"]
[BlackElo "1775"]
[PlyCount "123"]
[EventDate "2019.06.22"]
[EventType "swiss"]
[EventRounds "9"]
[EventCountry "ESP"]
[SourceTitle "CBM 195 Extra"]
[Source "ChessBase"]
[SourceDate "2020.05.31"]
[SourceVersion "1"]
[SourceVersionDate "2020.05.31"]
[SourceQuality "1"]

1. e4 c5 2. Nf3 g6 3. d4 cxd4 4. Nxd4 Bg7 5. c4 Nc6 6. Be3 Nf6 7. Nc3 Ng4 8. Qxg4 Nxd4 9. Qd1 e5 10. Bd3 d6 11. 0-0 0-0 12. Qd2 Be6 13. f4 f5 14. Nd5 Bxd5 15. exd5 Rc8 16. Bxd4 exd4 17. Rae1 Re8 18. Rxe8+ Qxe8 19. Re1 Qd7 20. Qb4 Re8 21. Kf1 Rxe1+ 22. Qxe1 Kf7 23. b4 b6 24. a3 Bf6 25. Qe2 Bg7 26. a4 Qe7 27. a5 Qxe2+ 28. Kxe2 Ke7 29. axb6 axb6 30. Kd2 Kd7 31. Kc2 Kc7 32. h3 h6 33. Kb3 Bf8 34. Ka4 Be7 35. Kb5 Bf8 36. Ka6 Be7 37. Kb5 Bf8 38. Ka4 Be7 39. Kb3 Bf6 40. Kc2 Bg7 41. Kd2 Kd7 42. g4 fxg4 43. hxg4 g5 44. f5 Be5 45. Kc2 Bf6 46. Kb3 Kc7 47. Ka4 Be7 48. Kb5 Kb7 49. Be4 Kc7 50. Ka6 Bf6 51. Kb5 Be7 52. Bc2 Kb7 53. Bb1 Kc7 54. Be4 Kb7 55. c5 bxc5 56. bxc5 Kc7 57. c6 Bf6 58. Bc2 Be5 59. Kc4 Bf6 60. Kd3 Kb6 61. Ke4 Kc7 62. Bd3 1/2-1/2

[Event "Madrid-ch Previa-A"]
[Site "Madrid"]
[Date "2019.02.18"]
[Round "7"]
[White "Fernandez Rios, Jose Francisco"]
[Black "Cujba, Anca Claudia"]
[Result "1-0"]
[WhiteElo "1780"]
[BlackElo "1576"]
[PlyCount "107"]
[EventDate "2019.02.04"]
[EventType "swiss"]
[EventRounds "9"]
[EventCountry "ESP"]
[SourceTitle "EXT 2021"]
[Source "ChessBase"]
[SourceDate "2020.10.23"]
[SourceVersion "1"]
[SourceVersionDate "2020.10.23"]
[SourceQuality "1"]

1. d4 Nf6 2. c4 d6 3. Nc3 Nbd7 4. e4 e5 5. d5 Nc5 6. Qc2 a5 7. Be2 Be7 8. Nf3 0-0 9. 0-0 Bd7 10. b3 Ne8 11. Be3 f5 12. Bxc5 dxc5 13. Nxe5 Bf6 14. Nxd7 Qxd7 15. exf5 Bd4 16. Bd3 Ra6 17. Rae1 Rh6 18. Re6 Nd6 19. Rxh6 gxh6 20. Ne2 Be5 21. Ng3 Qg7 22. Qe2 Re8 23. Qf3 Nf7 24. Re1 Qf6 25. Kf1 Ng5 26. Qg4 Kf7 27. f4 Bxf4 28. Qxf4 Rxe1+ 29. Kxe1 Qa1+ 30. Ke2 Qxa2+ 31. Qd2 Qxb3 32. h4 a4 33. Qc2 Qb4 34. hxg5 a3 35. Ne4 hxg5 36. Nc3 Qb6 37. Nb1 a2 38. Qxa2 Qd6 39. Qd2 Qg3 40. Kf1 h5 41. Qe2 Qf4+ 42. Qf3 Qc1+ 43. Ke2 g4 44. Qe3 Qh1 45. Kf2 h4 46. Qe6+ Kf8 47. Qf6+ Ke8 48. Qg6+ Kd8 49. Qxg4 h3 50. Qxh3 Qd1 51. f6 Qc1 52. f7 Qf4+ 53. Qf3 Qh4+ 54. Kf1 1-0

[Event "Madrid-ch Previa-A"]
[Site "Madrid"]
[Date "2019.02.13"]
[Round "6"]
[White "Gortazar Rubial, Javier Maria"]
[Black "Fernandez Rios, Jose Francisco"]
[Result "1/2-1/2"]
[WhiteElo "1601"]
[BlackElo "1780"]
[PlyCount "76"]
[EventDate "2019.02.04"]
[EventType "swiss"]
[EventRounds "9"]
[EventCountry "ESP"]
[SourceTitle "EXT 2021"]
[Source "ChessBase"]
[SourceDate "2020.10.23"]
[SourceVersion "1"]
[SourceVersionDate "2020.10.23"]
[SourceQuality "1"]

1. e4 c5 2. Nc3 Nc6 3. g3 g6 4. Bg2 Bg7 5. d3 e6 6. f4 Nge7 7. Nf3 0-0 8. 0-0 Nd4 9. Ne2 Nec6 10. c3 Nxf3+ 11. Bxf3 Rb8 12. Be3 b6 13. d4 cxd4 14. Nxd4 Ba6 15. Rf2 Ne7 16. Rd2 Qc7 17. Nxe6 dxe6 18. Rd7 Qc8 19. Rxe7 Rd8 20. Qe1 Rd3 21. Rd1 Rxe3 22. Qxe3 Bf8 23. Red7 Bc5 24. R7d4 e5 25. fxe5 Qe6 26. Kg2 Kg7 27. Qd2 Qxa2 28. Rd5 Re8 29. b4 Qxd2+ 30. R1xd2 Be3 31. R2d4 Rc8 32. b5 Bxd4 33. cxd4 Rc2+ 34. Kg1 Bc8 35. Bg2 Rc1+ 36. Kf2 Rc2+ 37. Kf3 g5 38. g4 Rc3+ 1/2-1/2

[Event "Madrid-ch Previa-A"]
[Site "Madrid"]
[Date "2019.02.05"]
[Round "2"]
[White "Fernandez Rios, Jose Francisco"]
[Black "Cabanas Bravo, Juan Andres"]
[Result "0-1"]
[WhiteElo "1780"]
[BlackElo "1916"]
[PlyCount "62"]
[EventDate "2019.02.04"]
[EventType "swiss"]
[EventRounds "9"]
[EventCountry "ESP"]
[SourceTitle "EXT 2021"]
[Source "ChessBase"]
[SourceDate "2020.10.23"]
[SourceVersion "1"]
[SourceVersionDate "2020.10.23"]
[SourceQuality "1"]

1. d4 Nf6 2. c4 c5 3. d5 b5 4. cxb5 a6 5. b6 Qxb6 6. Nc3 d6 7. e4 g6 8. Nf3 Bg4 9. Be2 Bxf3 10. Bxf3 Nbd7 11. 0-0 Bg7 12. Be2 0-0 13. Kh1 Qb4 14. a3 Qb7 15. f4 Rfc8 16. Bf3 Rab8 17. Re1 Qb3 18. Qxb3 Rxb3 19. e5 Ne8 20. Bg4 Rb7 21. exd6 exd6 22. Re7 Rd8 23. Bd2 Bf6 24. Re2 Rxb2 25. Rae1 Rxd2 26. Bxd7 Bxc3 27. Rxd2 Bxd2 28. Rxe8+ Rxe8 29. Bxe8 Bxf4 30. Kg1 Kf8 31. Bc6 c4 0-1

[Event "Collado Villalba op-B 35th"]
[Site "Collado Villalba"]
[Date "2018.09.01"]
[Round "9"]
[White "Fernandez Rios, Jose Francisco"]
[Black "Liceras Ruiz, Manuel"]
[Result "1/2-1/2"]
[WhiteElo "1729"]
[BlackElo "1642"]
[PlyCount "41"]
[EventDate "2018.08.24"]
[EventType "swiss"]
[EventRounds "9"]
[EventCountry "ESP"]
[SourceTitle "CBM 186 Extra"]
[Source "ChessBase"]
[SourceDate "2018.08.24"]
[SourceVersion "1"]
[SourceVersionDate "2018.08.24"]
[SourceQuality "1"]

1. d4 d5 2. c4 c6 3. Nf3 Nf6 4. e3 e6 5. b3 Nbd7 6. Bb2 Bd6 7. Ne5 0-0 8. Bd3 Re8 9. Nd2 Nf8 10. 0-0 N6d7 11. f4 f6 12. Nxd7 Bxd7 13. e4 dxe4 14. Nxe4 Be7 15. Qh5 Ng6 16. Rf3 f5 17. Ng5 Bxg5 18. fxg5 Qe7 19. Re1 Qf7 20. Rh3 Nf8 21. Qxf7+ 1/2-1/2

[Event "Collado Villalba op-B 35th"]
[Site "Collado Villalba"]
[Date "2018.08.29"]
[Round "6"]
[White "Garcia Castineira, Ivan"]
[Black "Fernandez Rios, Jose Francisco"]
[Result "0-1"]
[WhiteElo "1673"]
[BlackElo "1729"]
[PlyCount "94"]
[EventDate "2018.08.24"]
[EventType "swiss"]
[EventRounds "9"]
[EventCountry "ESP"]
[SourceTitle "CBM 186 Extra"]
[Source "ChessBase"]
[SourceDate "2018.08.24"]
[SourceVersion "1"]
[SourceVersionDate "2018.08.24"]
[SourceQuality "1"]

1. d4 Nf6 2. c4 e6 3. Bg5 Bb4+ 4. Nd2 h6 5. Bxf6 Qxf6 6. e3 c5 7. a3 Ba5 8. Ngf3 Nc6 9. b4 cxb4 10. Nb3 bxa3+ 11. Nxa5 Nxa5 12. Rxa3 b6 13. Qb1 0-0 14. Nd2 Ba6 15. Bd3 Rfc8 16. c5 Bxd3 17. Qxd3 d6 18. Ne4 Qg6 19. 0-0 dxc5 20. dxc5 f5 21. Nd6 Rxc5 22. Rd1 Rd5 23. Qb1 Rxd1+ 24. Qxd1 Qf6 25. Nb5 Rd8 26. Qe2 Qe7 27. Ra2 Qd7 28. Kf1 Qd1+ 29. Qxd1 Rxd1+ 30. Ke2 Rd7 31. Rc2 Kf7 32. f4 Ke7 33. h4 Kd8 34. h5 Nb3 35. Rb2 Nc5 36. Nd4 Ke7 37. Ra2 a5 38. Rc2 Rd6 39. Nb5 Rd7 40. Nd4 Rc7 41. Nb5 Rb7 42. Nd4 Kd6 43. Nb5+ Kc6 44. Nd4+ Kd5 45. Nb5 Ne4 46. Nd4 b5 47. Rc6 Nc5 0-1

[Event "Collado Villalba op-B 35th"]
[Site "Collado Villalba"]
[Date "2018.08.25"]
[Round "2"]
[White "Castro Uceda, Jose Antonio"]
[Black "Fernandez Rios, Jose Francisco"]
[Result "0-1"]
[WhiteElo "1569"]
[BlackElo "1729"]
[PlyCount "84"]
[EventDate "2018.08.24"]
[EventType "swiss"]
[EventRounds "9"]
[EventCountry "ESP"]
[SourceTitle "CBM 186 Extra"]
[Source "ChessBase"]
[SourceDate "2018.08.24"]
[SourceVersion "1"]
[SourceVersionDate "2018.08.24"]
[SourceQuality "1"]

1. e4 c5 2. Nf3 g6 3. d4 cxd4 4. Qxd4 Nf6 5. e5 Nc6 6. Qh4 Nxe5 7. Nxe5 Qa5+ 8. Nc3 Qxe5+ 9. Be2 Bg7 10. 0-0 0-0 11. Bh6 d6 12. Bxg7 Kxg7 13. Rfe1 Qc5 14. Rad1 Bd7 15. Bf3 Rfe8 16. Bd5 Bc6 17. Bxc6 bxc6 18. Rd3 Rab8 19. Rde3 Rxb2 20. Na4 Rb4 21. Re4 Rxe4 22. Rxe4 Qxc2 23. Re1 Qxa2 24. Qd4 c5 25. Qf4 Qb3 26. g4 Qb4 27. Qxb4 cxb4 28. Rb1 a5 29. f3 Nd5 30. Kf2 Rc8 31. Rb2 Rc1 32. Rd2 e6 33. Nb2 Rh1 34. Kg3 Ra1 35. Nc4 a4 36. Nxd6 b3 37. g5 Ra2 38. Rd4 b2 39. Rc4 b1Q 40. Ne8+ Kf8 41. Rc8 Qg1+ 42. Kh3 Rxh2# 0-1

[Event "Madrid San Viator op-A 30th"]
[Site "Madrid"]
[Date "2018.05.13"]
[Round "5"]
[White "Padin Lazaro, Jose Manuel"]
[Black "Fernandez Rios, Jose Francisco"]
[Result "1/2-1/2"]
[WhiteElo "1870"]
[BlackElo "1741"]
[PlyCount "67"]
[EventDate "2018.04.08"]
[EventType "swiss"]
[EventRounds "9"]
[EventCountry "ESP"]
[SourceTitle "EXT 2019"]
[Source "ChessBase"]
[SourceDate "2018.10.10"]
[SourceVersion "1"]
[SourceVersionDate "2018.10.10"]
[SourceQuality "1"]

1. e4 c5 2. Nf3 g6 3. d4 cxd4 4. Qxd4 Nf6 5. Nc3 Nc6 6. Qa4 d6 7. e5 dxe5 8. Nxe5 Bd7 9. Nxd7 Qxd7 10. Be3 Bg7 11. Rd1 Qg4 12. Qb5 Qc8 13. Be2 0-0 14. 0-0 Qc7 15. Rd2 Rfd8 16. Rfd1 a6 17. Rxd8+ Rxd8 18. Rxd8+ Nxd8 19. Qb6 Qxb6 20. Bxb6 Nc6 21. Bf3 Nd7 22. Bxc6 bxc6 23. Ba5 Bd4 24. Na4 e5 25. Kf1 f5 26. Ke2 Kf7 27. f3 Ke6 28. Kd3 Nc5+ 29. Nxc5+ Bxc5 30. c4 Bd4 31. b4 Bg1 32. h3 Kd6 33. Bd8 Bf2 34. a3 1/2-1/2

[Event "Madrid San Viator op-A 29th"]
[Site "Madrid"]
[Date "2017.11.01"]
[Round "7"]
[White "Cano Mercado, Francisco Manuel"]
[Black "Fernandez Rios, Jose Francisco"]
[Result "0-1"]
[WhiteElo "1823"]
[BlackElo "1770"]
[PlyCount "66"]
[EventDate "2017.09.17"]
[EventType "swiss"]
[EventRounds "9"]
[EventCountry "ESP"]
[SourceTitle "EXT 2019"]
[Source "ChessBase"]
[SourceDate "2018.10.10"]
[SourceVersion "1"]
[SourceVersionDate "2018.10.10"]
[SourceQuality "1"]

1. d4 Nf6 2. Bg5 e6 3. Nd2 h6 4. Bxf6 Qxf6 5. Ngf3 d6 6. e3 Nd7 7. Bd3 Qd8 8. Qe2 Be7 9. e4 e5 10. dxe5 Nxe5 11. Nxe5 dxe5 12. Nf3 Bd6 13. Bc4 Qe7 14. h3 Bd7 15. Bd5 c6 16. Bb3 0-0-0 17. Nd2 g6 18. a4 f5 19. a5 Rhf8 20. c3 Qg5 21. g3 h5 22. Rd1 f4 23. h4 Qe7 24. Nc4 Bc5 25. Rh2 fxg3 26. fxg3 Bg4 27. Rxd8+ Rxd8 28. Qf1 Rf8 29. Qd3 Qf6 30. Rd2 Bf2+ 31. Kf1 Be3+ 32. Kg2 Bxd2 33. Nxd2 Qf2+ 0-1